[Event "AUT-chT2W 2425"]
[Site "Austria"]
[Date "2024.09.27"]
[Round "1.3"]
[White "Blaas, Hansjoerg"]
[Black "Berchtenbreiter, Maximilian"]
[Result "0-1"]
[WhiteElo "2227"]
[BlackElo "2467"]
[PlyCount "104"]
[EventDate "2024.09.27"]
[EventType "team-tourn"]
[EventRounds "11"]
[EventCountry "AUT"]
[SourceTitle "EXT 2025"]
[Source "ChessBase"]
[SourceDate "2024.10.14"]
[SourceVersion "1"]
[SourceVersionDate "2024.10.14"]
[SourceQuality "1"]
[WhiteTeam "Schwaz"]
[BlackTeam "Schach ohne Grenzen"]
[WhiteTeamCountry "AUT"]
[BlackTeamCountry "AUT"]

1. e4 g6 2. d4 c6 3. c4 Bg7 4. Nc3 d5 5. e5 Be6 6. b3 dxc4 7. bxc4 c5 8. Nf3 cxd4 9. Nb5 Nc6 10. Bf4 Rc8 11. Rc1 Bg4 12. Be2 d3 13. Qxd3 Qxd3 14. Bxd3 Bxf3 15. gxf3 a6 16. Be4 Nd8 17. Nd4 e6 18. Ke2 Ne7 19. Rhd1 Rc7 20. Rd3 0-0 21. Rb3 Re8 22. Rb6 Nc8 23. Rb2 Rc5 24. Nb3 Rxe5 25. Bxe5 Bxe5 26. Rbb1 f5 27. Bd3 Bxh2 28. Na5 b6 29. Nb3 Bf4 30. Rc2 Nc6 31. a4 Nb4 32. Rc3 Be5 33. Rcc1 Rd8 34. Rd1 Kf7 35. c5 Ke7 36. cxb6 Nxb6 37. Na5 N6d5 38. Kf1 Bc7 39. Nb7 Rb8 40. Nc5 Nc3 41. Rxb4 Rxb4 42. Rc1 Be5 43. Bxa6 Bd4 44. a5 Rb2 45. Bc4 Rxf2+ 46. Ke1 Rxf3 47. Nd3 Rg3 48. a6 Rg1+ 49. Kd2 Ne4+ 50. Kc2 Rxc1+ 51. Kxc1 g5 52. Nb4 Kd6 0-1

[Event "AUT-ch Blitz"]
[Site "Innsbruck"]
[Date "2024.06.01"]
[Round "3"]
[White "Blaas, Hansjoerg"]
[Black "Dzelalagic, Amir"]
[Result "1-0"]
[WhiteElo "2166"]
[BlackElo "1926"]
[PlyCount "69"]
[EventDate "2024.06.01"]
[EventType "swiss (blitz)"]
[EventRounds "11"]
[EventCountry "AUT"]
[SourceTitle "CBM 220 Extra"]
[Source "ChessBase"]
[SourceDate "2024.07.31"]
[SourceVersion "1"]
[SourceVersionDate "2024.07.31"]
[SourceQuality "1"]

1. e4 c5 2. Nf3 e6 3. d4 cxd4 4. Nxd4 Nf6 5. Nc3 Bb4 6. Bd3 0-0 7. 0-0 d5 8. e5 Nfd7 9. Re1 Nc6 10. Nxc6 bxc6 11. Qh5 g6 12. Qg4 Be7 13. Bh6 Re8 14. Re3 Nc5 15. Rf3 Nxd3 16. cxd3 Qc7 17. Qf4 Bf8 18. d4 a6 19. Rc1 Qd7 20. Na4 a5 21. Nc5 Qc7 22. Rh3 Ra7 23. Bg5 f6 24. Bxf6 Bg7 25. Rf3 Rf8 26. Qg5 a4 27. h4 Bxf6 28. Rxf6 Qe7 29. Rc3 Rxf6 30. exf6 Qf7 31. h5 a3 32. b3 Rc7 33. Rg3 Ra7 34. hxg6 hxg6 35. Qh5 1-0

[Event "AUT-ch Blitz"]
[Site "Innsbruck"]
[Date "2024.06.01"]
[Round "5"]
[White "Blaas, Hansjoerg"]
[Black "Gutmann, Alois"]
[Result "1-0"]
[WhiteElo "2166"]
[BlackElo "1938"]
[PlyCount "65"]
[EventDate "2024.06.01"]
[EventType "swiss (blitz)"]
[EventRounds "11"]
[EventCountry "AUT"]
[SourceTitle "CBM 220 Extra"]
[Source "ChessBase"]
[SourceDate "2024.07.31"]
[SourceVersion "1"]
[SourceVersionDate "2024.07.31"]
[SourceQuality "1"]

1. e4 e6 2. d4 d5 3. Nd2 Nf6 4. e5 Nfd7 5. Bd3 c5 6. c3 Nc6 7. Ne2 a6 8. f4 Qb6 9. Nf3 cxd4 10. Nexd4 Nxd4 11. Nxd4 Nb8 12. 0-0 Nc6 13. Be3 g6 14. b4 Bd7 15. Kh1 Rc8 16. Rc1 h5 17. Qf3 Qd8 18. Qg3 Be7 19. a3 Bh4 20. Qf3 Be7 21. c4 Nxd4 22. Bxd4 dxc4 23. Bxc4 Bc6 24. Qe3 h4 25. Bb6 Qd7 26. Rfd1 Bd5 27. Bxd5 exd5 28. h3 0-0 29. Qd3 Rxc1 30. Rxc1 Rc8 31. Rd1 Qa4 32. f5 Rc3 33. Qxd5 1-0

[Event "AUT-ch Blitz"]
[Site "Innsbruck"]
[Date "2024.06.01"]
[Round "7"]
[White "Blaas, Hansjoerg"]
[Black "Horvath, Reka"]
[Result "1-0"]
[WhiteElo "2166"]
[BlackElo "1911"]
[PlyCount "85"]
[EventDate "2024.06.01"]
[EventType "swiss (blitz)"]
[EventRounds "11"]
[EventCountry "AUT"]
[SourceTitle "CBM 220 Extra"]
[Source "ChessBase"]
[SourceDate "2024.07.31"]
[SourceVersion "1"]
[SourceVersionDate "2024.07.31"]
[SourceQuality "1"]

1. e4 c5 2. Nf3 d6 3. d4 cxd4 4. Nxd4 Nf6 5. Nc3 g6 6. f4 Nc6 7. Nxc6 bxc6 8. e5 Ng4 9. Be2 Nh6 10. 0-0 Qb6+ 11. Kh1 Nf5 12. Bf3 Bd7 13. Ne4 d5 14. Nc3 Qd4 15. Qe2 Bh6 16. g3 Qb4 17. a3 Qb6 18. b4 Nd4 19. Qf2 Nxf3 20. Qxf3 0-0 21. Na4 Qa6 22. Nc5 Qc8 23. Bb2 Bg4 24. Qe3 Bh3 25. Rf2 a5 26. c3 axb4 27. cxb4 Rd8 28. Re1 Bf8 29. e6 Bxe6 30. Nxe6 Qxe6 31. Qxe6 fxe6 32. Rxe6 Kf7 33. Rxc6 d4 34. Rd2 Bg7 35. Rc4 e5 36. fxe5 Bxe5 37. Kg2 Re8 38. Bxd4 Rxa3 39. Rf2+ Kg7 40. Re2 Kf6 41. Rc6+ Kf5 42. Rc5 Ra2 43. Rxa2 1-0

[Event "AUT-ch Blitz"]
[Site "Innsbruck"]
[Date "2024.06.01"]
[Round "6"]
[White "Erhard, Jakob"]
[Black "Blaas, Hansjoerg"]
[Result "0-1"]
[WhiteElo "2001"]
[BlackElo "2166"]
[PlyCount "50"]
[EventDate "2024.06.01"]
[EventType "swiss (blitz)"]
[EventRounds "11"]
[EventCountry "AUT"]
[SourceTitle "CBM 220 Extra"]
[Source "ChessBase"]
[SourceDate "2024.07.31"]
[SourceVersion "1"]
[SourceVersionDate "2024.07.31"]
[SourceQuality "1"]

1. e4 c5 2. Nc3 Nc6 3. g3 g6 4. Bg2 Bg7 5. d3 Nf6 6. f4 d6 7. Nf3 0-0 8. h3 e6 9. 0-0 d5 10. e5 Nd7 11. Bd2 a6 12. a4 f6 13. exf6 Nxf6 14. Re1 Nh5 15. Kh2 Qd6 16. Ne2 e5 17. fxe5 Nxe5 18. Nxe5 Bxe5 19. Rf1 Bxg3+ 20. Kh1 Be6 21. Rxf8+ Rxf8 22. c3 Qd7 23. Ng1 Bf2 24. Bh6 Ng3+ 25. Kh2 Qc7 0-1

[Event "AUT-ch Rapid"]
[Site "Innsbruck"]
[Date "2024.05.31"]
[Round "6"]
[White "Lerch, Johannes"]
[Black "Blaas, Hansjoerg"]
[Result "0-1"]
[WhiteElo "2238"]
[BlackElo "2199"]
[PlyCount "230"]
[EventDate "2024.05.30"]
[EventType "swiss (rapid)"]
[EventRounds "9"]
[EventCountry "AUT"]
[SourceTitle "CBM 220 Extra"]
[Source "ChessBase"]
[SourceDate "2024.07.31"]
[SourceVersion "1"]
[SourceVersionDate "2024.07.31"]
[SourceQuality "1"]

1. Nf3 c5 2. c4 Nc6 3. e3 e6 4. Nc3 Nf6 5. d4 d5 6. a3 cxd4 7. exd4 Be7 8. c5 Ne4 9. Qc2 f5 10. Bb5 Bf6 11. 0-0 0-0 12. Rd1 Bd7 13. Ba4 g5 14. Ne2 Rc8 15. b4 a6 16. Bb2 Bg7 17. Bb3 g4 18. Ne1 Qh4 19. Nd3 Rf6 20. Bc1 Rcf8 21. Bf4 Bh6 22. g3 Qh5 23. Ne5 Be8 24. Qc1 Nxe5 25. dxe5 Rg6 26. Qe3 Bb5 27. Nd4 Bxf4 28. Qxf4 Rh6 29. h4 gxh3 30. Kh2 Rg6 31. Nxe6 Rxe6 32. Bxd5 Bd7 33. Bc4 Bc8 34. f3 Ng5 35. Rd3 Kg7 36. Bxe6 Bxe6 37. Rad1 Rf7 38. a4 Bc8 39. R1d2 Ne6 40. Qc4 f4 41. g4 Qh4 42. Qc1 Qg3+ 43. Kh1 Ng5 44. Qf1 Be6 45. Qf2 Bc4 46. Rc3 Be6 47. b5 axb5 48. axb5 Bxg4 49. Qxg3 fxg3 50. f4 Rxf4 51. Rxg3 Rf1+ 52. Kh2 Nf3+ 53. Rxf3 Bxf3 54. Kxh3 Rc1 55. Rd7+ Kg6 56. Rc7 h5 57. Kg3 Bd5 58. Kf4 Rc4+ 59. Ke3 Kf5 60. Rh7 Rc3+ 61. Kd4 Bg8 62. Rxh5+ Kg6 63. Rh8 Rc4+ 64. Kd3 Bf7 65. Rb8 Rxc5 66. Rxb7 Rxe5 67. b6 Rb5 68. Kd4 Kf6 69. Rb8 Bd5 70. Rh8 Ke6 71. Rh6+ Kd7 72. Rh5 Kd6 73. b7 Rb4+ 74. Kc3 Rxb7 75. Rh8 Kc5 76. Rc8+ Bc6 77. Kd3 Rf7 78. Rd8 Re7 79. Kd2 Bd5 80. Kd3 Bc4+ 81. Kc2 Re3 82. Rc8+ Kd4 83. Rd8+ Bd5 84. Kd2 Rg3 85. Ke2 Rg2+ 86. Kf1 Rb2 87. Ke1 Ke4 88. Kd1 Bc4 89. Kc1 Rf2 90. Rd2 Rf3 91. Kc2 Ra3 92. Rd8 Bd5 93. Kb2 Rg3 94. Rd6 Kd4 95. Rd8 Rg2+ 96. Kc1 Kc4 97. Kd1 Bf3+ 98. Ke1 Kc3 99. Kf1 Rh2 100. Kg1 Rb2 101. Kf1 Be4 102. Kg1 Bd3 103. Rd6 Re2 104. Rd8 Kd2 105. Ra8 Ke3 106. Ra3 Rd2 107. Ra7 Be4 108. Re7 Rd1+ 109. Kh2 Rh1+ 110. Kg3 Rg1+ 111. Kh2 Rg6 112. Ra7 Bf3 113. Rh7 Kf2 114. Rh8 Rg1 115. Rf8 Rh1# 0-1

[Event "AUT-ch Rapid"]
[Site "Innsbruck"]
[Date "2024.05.30"]
[Round "2"]
[White "Mira, Helene"]
[Black "Blaas, Hansjoerg"]
[Result "0-1"]
[WhiteElo "1986"]
[BlackElo "2199"]
[PlyCount "116"]
[EventDate "2024.05.30"]
[EventType "swiss (rapid)"]
[EventRounds "9"]
[EventCountry "AUT"]
[SourceTitle "CBM 220 Extra"]
[Source "ChessBase"]
[SourceDate "2024.07.31"]
[SourceVersion "1"]
[SourceVersionDate "2024.07.31"]
[SourceQuality "1"]

1. d4 d5 2. c4 e5 3. dxe5 d4 4. Nd2 Nc6 5. Ngf3 Bg4 6. h3 Bh5 7. g4 Bg6 8. Nb3 Be4 9. Bg2 Qd7 10. 0-0 0-0-0 11. Bg5 f6 12. exf6 gxf6 13. Bh4 h5 14. g5 fxg5 15. Bxg5 Be7 16. Bxe7 Ngxe7 17. Nc5 Qf5 18. Nxe4 Qxe4 19. Ng5 Qf5 20. f4 Ng6 21. Qd3 Qf6 22. Qg3 Rde8 23. f5 Nge5 24. Ne4 Qf7 25. f6 Rhg8 26. Ng5 Qxc4 27. Rac1 Qxa2 28. b3 h4 29. Qf4 Qxe2 30. Rfe1 Qh5 31. Rxc6 Rxg5 32. Rxc7+ Kxc7 33. f7 Qxf7 34. Qxg5 Nf3+ 35. Bxf3 Rxe1+ 36. Kf2 Rf1+ 37. Kxf1 Qxf3+ 38. Ke1 Qe3+ 39. Qxe3 dxe3 40. Ke2 Kd6 41. Kxe3 Ke5 42. Kf3 Kf5 43. Ke3 a5 44. Kd4 Kf4 45. Kc5 Kg3 46. Kb5 Kxh3 47. Kxa5 Kg2 48. Kb6 h3 49. Kxb7 h2 50. b4 h1Q 51. b5 Qh7+ 52. Ka6 Qd3 53. Ka5 Qd5 54. Ka6 Qc4 55. Ka5 Qc7+ 56. Ka6 Qb8 57. b6 Kf3 58. b7 Ke4 0-1

[Event "AUT-ch Rapid"]
[Site "Innsbruck"]
[Date "2024.05.30"]
[Round "4"]
[White "Sovago, Philipp"]
[Black "Blaas, Hansjoerg"]
[Result "0-1"]
[WhiteElo "1982"]
[BlackElo "2199"]
[PlyCount "70"]
[EventDate "2024.05.30"]
[EventType "swiss (rapid)"]
[EventRounds "9"]
[EventCountry "AUT"]
[SourceTitle "CBM 220 Extra"]
[Source "ChessBase"]
[SourceDate "2024.07.31"]
[SourceVersion "1"]
[SourceVersionDate "2024.07.31"]
[SourceQuality "1"]

1. d4 d5 2. c4 e5 3. dxe5 d4 4. Nf3 Nc6 5. g3 Bg4 6. Bg2 Nge7 7. 0-0 Ng6 8. h3 Bxf3 9. Bxf3 Ngxe5 10. b3 Nxf3+ 11. exf3 Be7 12. Bf4 0-0 13. Qd3 Nb4 14. Qd2 c5 15. Na3 Bf6 16. Rad1 g5 17. Bxg5 Bxg5 18. f4 Bf6 19. g4 Qd7 20. g5 Qxh3 21. f3 Kh8 22. Rf2 d3 23. Nb5 a6 24. Rh2 Qf5 25. Nd6 Qe6 26. Ne4 Bd4+ 27. Kh1 f5 28. gxf6 Rg8 29. Rxh7+ Kxh7 30. Qh2+ Kg6 31. f5+ Qxf5 32. Qg3+ Kh6 33. Qh2+ Qh5 34. Rd2 Qxh2+ 35. Rxh2+ Kg6 0-1

[Event "AUT-chT2W 2223"]
[Site "Austria"]
[Date "2022.09.24"]
[Round "2.4"]
[White "Lerch, Johannes"]
[Black "Blaas, Hansjoerg"]
[Result "1/2-1/2"]
[WhiteElo "2192"]
[BlackElo "2233"]
[PlyCount "113"]
[EventDate "2022.09.23"]
[EventType "team-tourn"]
[EventRounds "11"]
[EventCountry "AUT"]
[SourceTitle "CBM 210 Extra"]
[Source "ChessBase"]
[SourceDate "2022.11.30"]
[SourceVersion "1"]
[SourceVersionDate "2022.11.30"]
[SourceQuality "1"]
[WhiteTeam "Jenbach II"]
[BlackTeam "Pradl"]
[WhiteTeamCountry "AUT"]
[BlackTeamCountry "AUT"]

1. Nf3 d5 2. c4 d4 3. b4 Bg4 4. g3 Bxf3 5. exf3 a5 6. b5 e6 7. d3 Bb4+ 8. Bd2 c5 9. Bg2 Ne7 10. f4 Ra7 11. a3 Bxd2+ 12. Nxd2 b6 13. a4 Nd7 14. Qe2 h5 15. h4 Nf6 16. 0-0-0 Nf5 17. Nf3 Qd6 18. Ne5 Nd7 19. Bc6 Ke7 20. Bxd7 Rxd7 21. Nxd7 Qxd7 22. Kc2 g6 23. Rb1 Nh6 24. Qe4 Ng4 25. Qc6 Qd8 26. Rhf1 Re8 27. Rbe1 Kf8 28. Re2 Kg7 29. Rg1 Re7 30. Kb3 Rd7 31. Qe4 Rd6 32. f3 f5 33. Qb7+ Rd7 34. Qc6 Rd6 35. Qb7+ Rd7 36. Qc6 Rd6 37. fxg4 Rxc6 38. bxc6 Qc8 39. Rge1 Kf7 40. gxh5 gxh5 41. c7 Qxc7 42. Rxe6 Qb7 43. R6e5 Qf3 44. Kc2 Kf6 45. Re6+ Kf7 46. Re7+ Kf8 47. Re8+ Kf7 48. R1e7+ Kf6 49. Re6+ Kg7 50. R8e7+ Kg8 51. Rxb6 Kf8 52. Rbb7 Qf2+ 53. Kb3 Qd2 54. Rf7+ Kg8 55. Rg7+ Kf8 56. Rgf7+ Kg8 57. Rg7+ 1/2-1/2

[Event "AUT-chT2W 1314"]
[Site "Austria"]
[Date "2013.10.18"]
[Round "1.3"]
[White "Blaas, Hansjoerg"]
[Black "Meier, Alexander"]
[Result "1/2-1/2"]
[WhiteElo "2259"]
[BlackElo "2163"]
[PlyCount "65"]
[EventDate "2013.10.18"]
[EventType "team-tourn"]
[EventRounds "11"]
[EventCountry "AUT"]
[SourceTitle "EXT 2014"]
[Source "ChessBase"]
[SourceDate "2013.11.20"]
[SourceVersion "1"]
[SourceVersionDate "2013.11.20"]
[SourceQuality "1"]
[WhiteTeam "Schwaz"]
[BlackTeam "Pradl"]
[WhiteTeamCountry "AUT"]
[BlackTeamCountry "AUT"]

1. e4 e5 2. Bc4 Nc6 3. Nf3 Bc5 4. Nc3 Nf6 5. d3 d6 6. h3 Be6 7. Bxe6 fxe6 8. Be3 Bb6 9. Bxb6 axb6 10. d4 Qe7 11. d5 Nd8 12. Qd3 0-0 13. 0-0-0 exd5 14. Nxd5 Nxd5 15. Qxd5+ Kh8 16. Rd2 Ra5 17. Qb3 Ne6 18. a3 Rfa8 19. Re1 b5 20. c3 Nc5 21. Qd5 R5a7 22. g3 Rf8 23. Nh4 Raa8 24. Nf5 Qf6 25. Ne3 Rad8 26. Ng4 Qe7 27. Rde2 c6 28. Qd1 Qf7 29. Kb1 h6 30. Rd2 Qe6 31. h4 Nb3 32. Rd3 Na5 33. f3 1/2-1/2

[Event "AUT-chT2W 1213"]
[Site "Austria"]
[Date "2013.03.09"]
[Round "10.4"]
[White "Juergens, Klaus"]
[Black "Blaas, Hansjoerg"]
[Result "0-1"]
[WhiteElo "2170"]
[BlackElo "2259"]
[PlyCount "94"]
[EventDate "2012.10.05"]
[EventType "team-tourn"]
[EventRounds "11"]
[EventCountry "AUT"]
[SourceTitle "EXT 2014"]
[Source "ChessBase"]
[SourceDate "2013.11.20"]
[SourceVersion "1"]
[SourceVersionDate "2013.11.20"]
[SourceQuality "1"]
[WhiteTeam "ASK"]
[BlackTeam "Schwaz"]
[WhiteTeamCountry "AUT"]
[BlackTeamCountry "AUT"]

1. Nf3 c5 2. c4 Nc6 3. d4 cxd4 4. Nxd4 g6 5. e4 Bg7 6. Be3 Nf6 7. Nc3 Ng4 8. Qxg4 Nxd4 9. Qd1 Nc6 10. Rc1 d6 11. Be2 0-0 12. 0-0 Be6 13. f4 f5 14. exf5 gxf5 15. Re1 Qd7 16. Bf2 Rad8 17. b3 Bf7 18. Bf3 e6 19. Bh4 Rde8 20. Nb5 d5 21. Bf2 a6 22. Nd4 e5 23. fxe5 Rxe5 24. Rxe5 Nxe5 25. Bxd5 Bxd5 26. cxd5 Qxd5 27. Rc7 Nc6 28. Qf3 Qd6 29. Rxg7+ Kxg7 30. Nxc6 bxc6 31. Qc3+ Kg8 32. Bc5 Qd1+ 33. Kf2 Rd8 34. Be3 Qd5 35. Qf6 Rd6 36. Qh4 Re6 37. g3 Qd6 38. Qc4 Qe5 39. Qd3 Qe4 40. Qd8+ Kf7 41. Qd2 Re5 42. Qd7+ Re7 43. Qd2 Qh1 44. h4 Qh2+ 45. Kf3 Qxd2 46. Bxd2 Re4 47. b4 Ke6 0-1

[Event "AUT-chT2W 1213"]
[Site "Austria"]
[Date "2013.01.13"]
[Round "8.2"]
[White "Blaas, Hansjoerg"]
[Black "Weindl, Alfred"]
[Result "1/2-1/2"]
[WhiteElo "2259"]
[BlackElo "2329"]
[PlyCount "116"]
[EventDate "2012.10.05"]
[EventType "team-tourn"]
[EventRounds "11"]
[EventCountry "AUT"]
[SourceTitle "EXT 2014"]
[Source "ChessBase"]
[SourceDate "2013.11.20"]
[SourceVersion "1"]
[SourceVersionDate "2013.11.20"]
[SourceQuality "1"]
[WhiteTeam "Schwaz"]
[BlackTeam "Bregenz"]
[WhiteTeamCountry "AUT"]
[BlackTeamCountry "AUT"]

1. e4 c5 2. Nf3 Nc6 3. Bb5 g6 4. c3 Bg7 5. d4 cxd4 6. cxd4 Nf6 7. Nc3 d5 8. exd5 Nxd5 9. Qa4 0-0 10. Bxc6 Nb6 11. Qd1 bxc6 12. 0-0 Bg4 13. Be3 Nd5 14. h3 Bxf3 15. Qxf3 Rb8 16. Nxd5 Qxd5 17. Qxd5 cxd5 18. b3 Rfc8 19. Rac1 e6 20. Rfd1 Bf8 21. Bf4 Ra8 22. Rxc8 Rxc8 23. Rc1 Rxc1+ 24. Bxc1 Bg7 25. Be3 Kf8 26. Kf1 Ke7 27. Ke2 Kd6 28. Kd3 Kc6 29. Bd2 Bf8 30. a4 Bd6 31. b4 a6 32. f4 f5 33. Ke3 Be7 34. Kf3 Bf6 35. Be3 Be7 36. Bd2 Bf6 37. Be3 Bh4 38. Bd2 Bd8 39. Be3 Bb6 40. Ke2 Bc7 41. Kf3 Bd8 42. Bd2 Bh4 43. Bc3 Bf6 44. Ke3 h6 45. g3 Bd8 46. Kf3 Bc7 47. Bd2 Bb6 48. Be3 Bd8 49. Bc1 Be7 50. Bd2 Bf6 51. Be3 Be7 52. Bd2 Bd6 53. Kf2 Bf8 54. Kf3 Bg7 55. Be3 Bf6 56. Kf2 Bd8 57. Kf3 Bb6 58. Ke2 Bd8 1/2-1/2

[Event "AUT-chT2W 1213"]
[Site "Austria"]
[Date "2012.12.01"]
[Round "5.4"]
[White "Zoister, Stefan"]
[Black "Blaas, Hansjoerg"]
[Result "1-0"]
[WhiteElo "2203"]
[BlackElo "2259"]
[PlyCount "91"]
[EventDate "2012.10.05"]
[EventType "team-tourn"]
[EventRounds "11"]
[EventCountry "AUT"]
[SourceTitle "EXT 2014"]
[Source "ChessBase"]
[SourceDate "2013.11.20"]
[SourceVersion "1"]
[SourceVersionDate "2013.11.20"]
[SourceQuality "1"]
[WhiteTeam "Ranshofen"]
[BlackTeam "Schwaz"]
[WhiteTeamCountry "AUT"]
[BlackTeamCountry "AUT"]

1. e4 c5 2. Nf3 Nc6 3. d4 cxd4 4. Nxd4 e5 5. Nb5 a6 6. N5c3 Bc5 7. Nd5 Qh4 8. Be3 Bxe3 9. Nxe3 Qxe4 10. Nc3 Qh4 11. Nc4 b5 12. Nd6+ Kf8 13. Qd5 Qe7 14. 0-0-0 Nf6 15. Qc5 g6 16. Nd5 Nxd5 17. Rxd5 Kg7 18. g3 Rb8 19. Bg2 Qe6 20. Re1 f6 21. f4 Rf8 22. Kb1 Bb7 23. Nxb7 Rxb7 24. Rd6 Qf5 25. Bxc6 dxc6 26. Rxc6 e4 27. Qe3 Rd8 28. Rxa6 Qg4 29. Kc1 Rbd7 30. Ra7 Rxa7 31. Qxa7+ Rd7 32. Qc5 Qe6 33. Qxb5 Re7 34. b3 e3 35. Qe2 Qd6 36. Rd1 Qa3+ 37. Kb1 Qa8 38. Rd3 Qh1+ 39. Kb2 Qg1 40. a4 h5 41. Rd1 Qf2 42. Qxf2 exf2 43. Rf1 Re2 44. Kc3 g5 45. fxg5 fxg5 46. Kd3 1-0

[Event "AUT-chT2W 1213"]
[Site "Austria"]
[Date "2012.11.30"]
[Round "4.4"]
[White "Blaas, Hansjoerg"]
[Black "Engelhart, Achim"]
[Result "1-0"]
[WhiteElo "2259"]
[BlackElo "2130"]
[PlyCount "71"]
[EventDate "2012.10.05"]
[EventType "team-tourn"]
[EventRounds "11"]
[EventCountry "AUT"]
[SourceTitle "EXT 2014"]
[Source "ChessBase"]
[SourceDate "2013.11.20"]
[SourceVersion "1"]
[SourceVersionDate "2013.11.20"]
[SourceQuality "1"]
[WhiteTeam "Schwaz"]
[BlackTeam "Goetzis"]
[WhiteTeamCountry "AUT"]
[BlackTeamCountry "AUT"]

1. e4 e6 2. d4 d5 3. e5 c5 4. c3 Nc6 5. Nf3 Nge7 6. Na3 cxd4 7. cxd4 Nf5 8. Nc2 Qb6 9. Be2 Bb4+ 10. Kf1 Be7 11. g4 Nh4 12. Nxh4 Bxh4 13. f4 f6 14. Kg2 0-0 15. Rf1 Bd7 16. Kh3 g5 17. exf6 Rxf6 18. fxg5 Rxf1 19. Qxf1 Rf8 20. Bf3 e5 21. Bxd5+ Kg7 22. Qe2 Bf2 23. dxe5 Nd4 24. Nxd4 Bxd4 25. Qe4 Bb5 26. Bf4 Bxb2 27. e6 Qd4 28. Qxd4+ Bxd4 29. Rb1 Rxf4 30. Rxb5 Kf8 31. Rxb7 Bc5 32. Rxh7 Rd4 33. Rf7+ Kg8 34. e7 Bxe7 35. Rxe7+ Rxd5 36. Rxa7 1-0

[Event "AUT-chT2W 1011"]
[Site "Austria"]
[Date "2011.03.11"]
[Round "9.3"]
[White "Blaas, Hansjoerg"]
[Black "Hecht, Hans Joachim"]
[Result "1/2-1/2"]
[WhiteElo "2240"]
[BlackElo "2374"]
[PlyCount "71"]
[EventDate "2010.10.15"]
[EventType "team-tourn"]
[EventRounds "11"]
[EventCountry "AUT"]
[SourceTitle "EXT 2012"]
[Source "ChessBase"]
[SourceDate "2011.11.24"]
[SourceVersion "1"]
[SourceVersionDate "2011.11.24"]
[SourceQuality "1"]
[WhiteTeam "Schwaz"]
[BlackTeam "Schwarzach"]
[WhiteTeamCountry "AUT"]
[BlackTeamCountry "AUT"]

1. e4 e6 2. d4 d5 3. Nd2 Nf6 4. e5 Nfd7 5. c3 c5 6. f4 Nc6 7. Ngf3 cxd4 8. Nxd4 Nxd4 9. cxd4 Qb6 10. Nf3 Nb8 11. Bd3 Nc6 12. Bb1 Bd7 13. 0-0 Be7 14. Rf2 h5 15. Be3 g6 16. g3 a5 17. h3 a4 18. Bd3 Nb4 19. Bf1 Bb5 20. a3 Bxf1 21. Qxf1 Nc6 22. g4 hxg4 23. hxg4 Na5 24. Qe2 Nc4 25. Rc1 Qb3 26. Rc3 Qa2 27. Qc2 b5 28. f5 gxf5 29. gxf5 Kd7 30. f6 Rag8+ 31. Bg5 Bd8 32. Rg2 Ba5 33. b4 Qxc2 34. Rcxc2 Bb6 35. Bc1 Ke8 36. Rg7 1/2-1/2

[Event "AUT-chT 0304"]
[Site "Austria"]
[Date "2004.03.18"]
[Round "8"]
[White "Huber, David"]
[Black "Blaas, Hansjoerg"]
[Result "0-1"]
[WhiteElo "2126"]
[BlackElo "2267"]
[PlyCount "114"]
[EventDate "2003.11.28"]
[EventType "team-tourn"]
[EventRounds "11"]
[EventCountry "AUT"]
[SourceTitle "CBM 097 Extra"]
[Source "ChessBase"]
[SourceDate "2004.01.13"]
[SourceVersion "1"]
[SourceVersionDate "2004.01.13"]
[SourceQuality "1"]
[WhiteTeam "Schwarzach"]
[BlackTeam "Jenbach SK Sparkasse"]
[WhiteTeamCountry "AUT"]
[BlackTeamCountry "AUT"]

1. d4 d5 2. Nf3 f5 3. e3 e6 4. c4 c6 5. Bd3 Nf6 6. 0-0 Bd6 7. b3 0-0 8. Ba3 Bxa3 9. Nxa3 Bd7 10. Qc2 Qe7 11. Nb1 Be8 12. Nc3 Nbd7 13. cxd5 cxd5 14. Qb2 Bh5 15. Nd2 g5 16. f3 Bg6 17. Rfe1 e5 18. e4 dxe4 19. fxe4 exd4 20. Nd5 Nxd5 21. exd5 Qb4 22. Nf3 Nc5 23. Bc4 Qc3 24. Qa3 Nd3 25. Bxd3 Qxd3 26. Rad1 Qa6 27. Qxa6 bxa6 28. Nxg5 Rfe8 29. Ne6 Bf7 30. Rxd4 Rac8 31. Ra4 Rc5 32. Nxc5 Rxe1+ 33. Kf2 Rc1 34. Nd7 Rc7 35. Nf6+ Kg7 36. Rxa6 Rc2+ 37. Kf3 Rd2 38. h3 h5 39. g4 fxg4+ 40. hxg4 h4 41. Nh5+ Bxh5 42. gxh5 h3 43. h6+ Kh7 44. Rxa7+ Kxh6 45. Ra8 Kg7 46. Ra4 h2 47. Rh4 Rxa2 48. Ke4 Rb2 49. Ke5 Rf2 50. Kd6 Rf6+ 51. Kc5 Rh6 52. Rxh2 Rxh2 53. b4 Kf7 54. b5 Ke7 55. Kc6 Rc2+ 56. Kb7 Kd6 57. b6 Kxd5 0-1

[Event "AUT-chT 0304"]
[Site "Austria"]
[Date "2004.01.25"]
[Round "7"]
[White "Blaas, Hansjoerg"]
[Black "Loebler, Heimo"]
[Result "1-0"]
[WhiteElo "2267"]
[BlackElo "2212"]
[PlyCount "101"]
[EventDate "2003.11.28"]
[EventType "team-tourn"]
[EventRounds "11"]
[EventCountry "AUT"]
[SourceTitle "CBM 097 Extra"]
[Source "ChessBase"]
[SourceDate "2004.01.13"]
[SourceVersion "1"]
[SourceVersionDate "2004.01.13"]
[SourceQuality "1"]
[WhiteTeam "Jenbach SK Sparkasse"]
[BlackTeam "Graz Austria"]
[WhiteTeamCountry "AUT"]
[BlackTeamCountry "AUT"]

1. e4 d5 2. exd5 Nf6 3. d4 Bg4 4. f3 Bf5 5. Bb5+ Nbd7 6. Nc3 a6 7. Bd3 Bxd3 8. Qxd3 Nb6 9. Nge2 Nfxd5 10. 0-0 Nxc3 11. Nxc3 e6 12. Be3 Be7 13. Ne4 Qd5 14. b3 0-0 15. c4 Qf5 16. Rad1 Rfd8 17. Qe2 Nc8 18. Rd2 c6 19. Rfd1 Bb4 20. Rd3 Nd6 21. Ng3 Qg6 22. Bf4 Nf5 23. Ne4 h6 24. Bc7 Rd7 25. Bb6 Bf8 26. a4 Re7 27. a5 Rae8 28. Qf2 Rd7 29. Qc2 Nh4 30. Qf2 Nf5 31. Kh1 Bd6 32. d5 cxd5 33. cxd5 e5 34. Bc5 Rc7 35. b4 Rcc8 36. g4 Bxc5 37. bxc5 Nd4 38. Nd6 f5 39. gxf5 Nxf5 40. Nxc8 Rxc8 41. d6 Nd4 42. Qa2+ Kh8 43. Qd5 Nc6 44. Rb3 Nxa5 45. Rxb7 Nxb7 46. Qxb7 Rf8 47. d7 Qf6 48. Qd5 Kh7 49. c6 Rd8 50. c7 Rxd7 51. Qe4+ 1-0

[Event "AUT-chT 0304"]
[Site "Austria"]
[Date "2003.11.30"]
[Round "3"]
[White "Blaas, Hansjoerg"]
[Black "Kilgus, Georg"]
[Result "1/2-1/2"]
[WhiteElo "2267"]
[BlackElo "2340"]
[PlyCount "103"]
[EventDate "2003.11.28"]
[EventType "team-tourn"]
[EventRounds "11"]
[EventCountry "AUT"]
[SourceTitle "CBM 097 Extra"]
[Source "ChessBase"]
[SourceDate "2004.01.13"]
[SourceVersion "1"]
[SourceVersionDate "2004.01.13"]
[SourceQuality "1"]
[WhiteTeam "Jenbach SK Sparkasse"]
[BlackTeam "Tschaturanga"]
[WhiteTeamCountry "AUT"]
[BlackTeamCountry "AUT"]

1. e4 c5 2. Nf3 e6 3. c3 Nf6 4. e5 Nd5 5. d4 cxd4 6. cxd4 d6 7. Be2 Be7 8. 0-0 0-0 9. Nc3 Nxc3 10. bxc3 Qc7 11. Qb3 Nc6 12. Bf4 dxe5 13. Bxe5 Nxe5 14. Nxe5 Bd6 15. f4 f6 16. Nd3 Bd7 17. c4 Qb6 18. Qc3 Rac8 19. c5 Bb8 20. Bf3 Rc7 21. a4 a5 22. Rf2 Qa6 23. Rb2 b6 24. Rab1 Ba7 25. f5 bxc5 26. Nxc5 Qd6 27. Rb7 Rfc8 28. Rxc7 Rxc7 29. fxe6 Bxe6 30. Rb5 Bb6 31. Qe3 Bf7 32. g3 Kf8 33. Kg2 Re7 34. Qf4 Qxf4 35. gxf4 Bc7 36. f5 g6 37. fxg6 hxg6 38. d5 Re3 39. Nb7 Be8 40. Rc5 Bb6 41. Rc8 Kg7 42. Nc5 Bxc5 43. Rxc5 Ra3 44. d6 Rd3 45. Bd5 Bxa4 46. Rxa5 f5 47. Kf2 Bd7 48. Ke2 Rd4 49. Ke3 Ra4 50. Rxa4 Bxa4 51. Kf4 Kf6 52. h4 1/2-1/2